[Event "New York Marshall CC 09"]
[Site "New York"]
[Date "2025.09.07"]
[Round "5"]
[White "Putnam, Liam Henry"]
[Black "Stearman, Josiah P"]
[Result "1-0"]
[WhiteElo "2479"]
[BlackElo "2467"]
[PlyCount "53"]
[EventDate "2025.09.06"]
[EventType "swiss"]
[EventRounds "5"]
[EventCountry "USA"]
[SourceTitle "CB37_2025"]
[SourceDate "2025.09.10"]
[SourceVersion "1"]
[SourceVersionDate "2025.09.10"]
[SourceQuality "1"]

1. Nf3 d5 2. d4 Nf6 3. c4 e6 4. Nc3 Bb4 5. Bg5 Nbd7 6. cxd5 exd5 7. e3 c5 8. Bd3 Qa5 9. Qc2 c4 10. Bf5 0-0 11. 0-0 g6 12. Bxd7 Nxd7 13. e4 Nb6 14. e5 Bf5 15. Qd2 Rfe8 16. a3 Bf8 17. Nh4 Bd3 18. b4 Qa6 19. Rfe1 Rac8 20. g3 Nd7 21. Nxd5 Qc6 22. Nc3 Nb6 23. Ng2 Qd7 24. Qf4 h6 25. Bxh6 Bxh6 26. Qxh6 a6 27. Ne4 1-0

[Event "New York Marshall CC 09"]
[Site "New York"]
[Date "2025.09.06"]
[Round "2"]
[White "Ling, Chenxuan"]
[Black "Putnam, Liam Henry"]
[Result "0-1"]
[WhiteElo "2258"]
[BlackElo "2479"]
[PlyCount "106"]
[EventDate "2025.09.06"]
[EventType "swiss"]
[EventRounds "5"]
[EventCountry "USA"]
[SourceTitle "CB37_2025"]
[SourceDate "2025.09.10"]
[SourceVersion "1"]
[SourceVersionDate "2025.09.10"]
[SourceQuality "1"]

1. d4 Nf6 2. c4 e6 3. Nf3 d5 4. Nc3 Nbd7 5. cxd5 exd5 6. Qc2 c6 7. Bg5 h6 8. Bh4 g5 9. Bg3 Nh5 10. e3 Nxg3 11. hxg3 Bg7 12. Bd3 Nb6 13. Nd2 Qe7 14. Ne2 Be6 15. Nb3 Nc8 16. Nc5 Nd6 17. Nxe6 Qxe6 18. 0-0-0 0-0-0 19. Kb1 Kb8 20. Nc3 f5 21. Rhe1 h5 22. f3 Rde8 23. Qf2 Qf6 24. Qc2 f4 25. gxf4 gxf4 26. e4 Qxd4 27. exd5 Rxe1 28. Rxe1 cxd5 29. Nb5 Qb4 30. Rc1 Rc8 31. Qe2 Nc4 32. Bxc4 dxc4 33. Nc3 a6 34. Qe4 Qd6 35. Rd1 Qe5 36. Rd5 Qc7 37. Rd2 Bxc3 38. bxc3 Ka8 39. Rd4 Qb6+ 40. Ka1 Rg8 41. Qe2 h4 42. Rd1 Qc5 43. Qd2 Qe3 44. Kb2 Qe5 45. Re1 Rxg2 46. Rxe5 Rxd2+ 47. Ka3 Rd3 48. Kb4 Rxf3 49. Kxc4 h3 50. Rh5 Rg3 51. Kd4 f3 52. Ke3 f2+ 53. Kxf2 Rxc3 0-1

[Event "New York Marshall CC 09"]
[Site "New York"]
[Date "2025.09.06"]
[Round "1"]
[White "Putnam, Liam Henry"]
[Black "Debmisra, Ariv"]
[Result "1-0"]
[WhiteElo "2479"]
[BlackElo "1943"]
[PlyCount "63"]
[EventDate "2025.09.06"]
[EventType "swiss"]
[EventRounds "5"]
[EventCountry "USA"]
[SourceTitle "CB37_2025"]
[SourceDate "2025.09.10"]
[SourceVersion "1"]
[SourceVersionDate "2025.09.10"]
[SourceQuality "1"]

1. Nf3 Nf6 2. g3 e6 3. Bg2 Be7 4. 0-0 0-0 5. c4 d5 6. b3 c5 7. cxd5 Nxd5 8. Bb2 Bf6 9. d4 Nc6 10. e4 Nc7 11. e5 Be7 12. dxc5 Bxc5 13. Qc2 Qe7 14. a3 a5 15. Nbd2 Rd8 16. Ne4 Ba7 17. Rad1 Nd5 18. Nfg5 g6 19. h4 h6 20. Nf6+ Nxf6 21. exf6 Qc5 22. Bxc6 Rxd1 23. Rxd1 hxg5 24. Rd8+ Kh7 25. Qxc5 Bxc5 26. Be4 gxh4 27. gxh4 e5 28. h5 Bf5 29. hxg6+ fxg6 30. Rxa8 Bxe4 31. Bxe5 Bd5 32. f7 1-0

[Event "Washington op 12th"]
[Site "Rockville"]
[Date "2025.08.12"]
[Round "8"]
[White "Putnam, Liam Henry"]
[Black "Melillo, Lucius"]
[Result "1/2-1/2"]
[WhiteElo "2476"]
[BlackElo "2315"]
[PlyCount "47"]
[EventDate "2025.08.09"]
[EventType "swiss"]
[EventRounds "9"]
[EventCountry "USA"]
[SourceTitle "CB33_2025"]
[SourceDate "2025.08.13"]
[SourceVersion "1"]
[SourceVersionDate "2025.08.13"]
[SourceQuality "1"]

1. Nf3 d5 2. g3 Nf6 3. Bg2 e6 4. 0-0 Be7 5. c4 0-0 6. b3 c5 7. cxd5 Nxd5 8. Bb2 Nc6 9. Nc3 Nxc3 10. Bxc3 Qd6 11. Rc1 e5 12. d3 Be6 13. a3 Rac8 14. Nd2 Qd7 15. Re1 Bd5 16. Bxd5 Qxd5 17. Nc4 Rfd8 18. e4 Qxd3 19. Qg4 Qd7 20. Qxd7 Rxd7 21. Nxe5 Nxe5 22. Bxe5 Rcd8 23. Bc3 c4 24. b4 1/2-1/2

[Event "Washington op 12th"]
[Site "Rockville"]
[Date "2025.08.12"]
[Round "7"]
[White "Tang, Andrew"]
[Black "Putnam, Liam Henry"]
[Result "1-0"]
[WhiteElo "2538"]
[BlackElo "2476"]
[PlyCount "55"]
[EventDate "2025.08.09"]
[EventType "swiss"]
[EventRounds "9"]
[EventCountry "USA"]
[SourceTitle "CB33_2025"]
[SourceDate "2025.08.13"]
[SourceVersion "1"]
[SourceVersionDate "2025.08.13"]
[SourceQuality "1"]

1. d4 Nf6 2. Nf3 d5 3. c4 e6 4. g3 Be7 5. Bg2 0-0 6. 0-0 dxc4 7. Qc2 b5 8. a4 b4 9. Nfd2 Nd5 10. Nxc4 c5 11. dxc5 Ba6 12. Rd1 Nd7 13. Ne3 Rc8 14. Nxd5 exd5 15. c6 Nc5 16. Rxd5 Qe8 17. Rxc5 Bxc5 18. Qxc5 Qxe2 19. h4 Rfd8 20. Nd2 Qe1+ 21. Kh2 Rxd2 22. Bxd2 Qxa1 23. Qxb4 Qa2 24. Bc3 Bc4 25. Qc5 a6 26. Qg5 f6 27. Bxf6 g6 28. Bc3 1-0

[Event "Washington op 12th"]
[Site "Rockville"]
[Date "2025.08.10"]
[Round "4"]
[White "Stearman, Josiah P"]
[Black "Putnam, Liam Henry"]
[Result "1/2-1/2"]
[WhiteElo "2455"]
[BlackElo "2476"]
[PlyCount "29"]
[EventDate "2025.08.09"]
[EventType "swiss"]
[EventRounds "9"]
[EventCountry "USA"]
[SourceTitle "CB33_2025"]
[SourceDate "2025.08.13"]
[SourceVersion "1"]
[SourceVersionDate "2025.08.13"]
[SourceQuality "1"]

1. d4 Nf6 2. c4 e6 3. Nc3 Bb4 4. Qc2 d5 5. a3 Bxc3+ 6. Qxc3 0-0 7. Bg5 dxc4 8. Qxc4 b6 9. Nf3 Ba6 10. Qc1 Nbd7 11. e4 Qc8 12. Bxa6 Qxa6 13. Qc6 Rac8 14. 0-0-0 h6 15. Bxf6 1/2-1/2

[Event "Washington op 12th"]
[Site "Rockville"]
[Date "2025.08.09"]
[Round "2"]
[White "Homa, Seth"]
[Black "Putnam, Liam Henry"]
[Result "0-1"]
[WhiteElo "2260"]
[BlackElo "2476"]
[PlyCount "80"]
[EventDate "2025.08.09"]
[EventType "swiss"]
[EventRounds "9"]
[EventCountry "USA"]
[SourceTitle "CB33_2025"]
[SourceDate "2025.08.13"]
[SourceVersion "1"]
[SourceVersionDate "2025.08.13"]
[SourceQuality "1"]

1. d4 Nf6 2. c4 e6 3. Nf3 d5 4. g3 dxc4 5. Bg2 a6 6. 0-0 Nc6 7. e3 Rb8 8. Qe2 b5 9. b3 cxb3 10. axb3 Be7 11. Ba3 0-0 12. Rc1 Bb7 13. Ne1 Bxa3 14. Nxa3 Na5 15. Bxb7 Rxb7 16. Rab1 c5 17. dxc5 Nc6 18. Ra1 Rd7 19. Nf3 Ne4 20. Nb1 Qc8 21. Nbd2 Nf6 22. Nf1 Rfd8 23. Nd4 Ne4 24. Nxc6 Qxc6 25. Qf3 f5 26. b4 Rd3 27. Rd1 h6 28. h4 Kh7 29. Rxd3 Rxd3 30. Rd1 Rxd1 31. Qxd1 a5 32. bxa5 Qxc5 33. Qb3 Qc6 34. h5 Ng5 35. Nd2 Qc1+ 36. Nf1 Nf3+ 37. Kg2 Ne1+ 38. Kg1 Qc6 39. e4 Qxe4 40. f3 Qe2 0-1

[Event "US op-B 125th"]
[Site "Middleton"]
[Date "2025.07.29"]
[Round "1"]
[White "Putnam, Liam Henry"]
[Black "Wadhwa, Aayush"]
[Result "1-0"]
[WhiteElo "2562"]
[BlackElo "2048"]
[PlyCount "79"]
[EventDate "2025.07.29"]
[EventType "swiss"]
[EventRounds "6"]
[EventCountry "USA"]
[SourceTitle "CB32_2025"]
[SourceDate "2025.08.06"]
[SourceVersion "1"]
[SourceVersionDate "2025.08.06"]
[SourceQuality "1"]

1. e4 Nf6 2. e5 Nd5 3. d4 d6 4. Nf3 Nc6 5. c4 Nb6 6. e6 fxe6 7. Nc3 g6 8. h4 Bg7 9. h5 e5 10. d5 Nd4 11. hxg6 hxg6 12. Rxh8+ Bxh8 13. Bd3 c6 14. Nxd4 exd4 15. Ne2 Kd7 16. Nf4 Kc7 17. Nxg6 Bf6 18. Qh5 Bd7 19. Bf4 Qg8 20. 0-0-0 Rc8 21. Re1 Kb8 22. Nxe7 Bxe7 23. Rxe7 cxd5 24. Bxd6+ Ka8 25. c5 Qxg2 26. Qe2 Bg4 27. Qf1 Qf3 28. Be2 Qf6 29. Rc7 Bxe2 30. Rxc8+ Nxc8 31. Qxe2 Qh6+ 32. Kc2 Qg6+ 33. Kd2 Qh6+ 34. Kd3 Qh8 35. Qe6 a6 36. Be5 Qf8 37. Bxd4 Qf3+ 38. Kc2 Qf8 39. c6 bxc6 40. Qxc6+ 1-0